00000000nam 2200000zi 4500
0019.946559
003CaOODSP
00520250107092417
006m     o  d f      
007cr mn|||||||||
008250107e20241022onc     ob   f000 0 fre d
040 |aCaOODSP|bfre|erda|cCaOODSP
043 |an-cn---
0861 |aYM32-3/441-C355F-PDF
1001 |aLaMontagne, Joanne Markle, |eauteur.
24510|aProjet de loi C-355 : |bLoi visant à interdire l'exportation par voie aérienne de chevaux destinés à l'abattage et apportant des modifications connexes à certaines lois / |cJoanne Markle LaMontagne.
2463 |aRésumé législatif du projet de loi C-355 : |bLoi visant à interdire l'exportation par voie aérienne de chevaux destinés à l'abattage et apportant des modifications connexes à certaines lois
264 1|aOttawa, Canada : |bBibliothèque du Parlement = Library of Parliament, |c22 octobre 2024.
264 4|c©2024
300 |a1 ressource en ligne (i, 4 pages).
336 |atexte|btxt|2rdacontent/fre
337 |ainformatique|bc|2rdamedia/fre
338 |aressource en ligne|bcr|2rdacarrier/fre
4901 |aRésumé législatif ; |v44-1-C355-F
500 |aPublié aussi en anglais sous le titre : Bill C-355 : an Act to prohibit the export by air of horses for slaughter and to make related amendments to certain Acts.
500 |aTitre de la couverture.
500 |a« Recherche et éducation. »
504 |aComprend des références bibliographiques (page 4).
650 6|aChevaux|xDroit|zCanada|vLégislation.
650 6|aChevaux|xTransport|xDroit|zCanada|vLégislation.
650 6|aChevaux|xIndustrie|xDroit|zCanada|vLégislation.
650 6|aAnimaux|xProtection|xDroit|zCanada|vLégislation.
650 6|aAbattoirs|xDroit|zCanada|vLégislation.
650 6|aExportations|xContrôle|zCanada.
7101 |aCanada. |bBibliothèque du Parlement, |eorganisme de publication.
7101 |aCanada. |bServices d'information, d'éducation et de recherche parlementaires, |eorganisme de publication.
77508|tBill C-355 : |w(CaOODSP)9.946557
830#0|aRésumé législatif (Canada. Services d'information, d'éducation et de recherche parlementaires)|v44-1-C355-F.|w(CaOODSP)9.501179
85640|qPDF|s637 Ko|uhttps://publications.gc.ca/collections/collection_2025/bdp-lop/ls/YM32-3-441-C355-fra.pdf